[Event "Voesendorf op-A 11th"]
[Site "Voesendorf"]
[Date "2008.05.22"]
[Round "2"]
[White "Meisinger, Thomas"]
[Black "Kummer, Helmut"]
[Result "1/2-1/2"]
[WhiteElo "2034"]
[BlackElo "2373"]
[PlyCount "71"]
[EventDate "2008.05.22"]
[EventType "swiss"]
[EventRounds "5"]
[EventCountry "AUT"]
[SourceTitle "CBM 124 Extra"]
[Source "ChessBase"]
[SourceDate "2008.07.03"]
[SourceVersion "1"]
[SourceVersionDate "2008.07.03"]
[SourceQuality "1"]

1. d4 d5 2. c4 e6 3. Nc3 c6 4. Nf3 dxc4 5. e4 b5 6. g3 Nf6 7. e5 Nd5 8. a4 Nd7 9. Bg2 b4 10. Ne4 a5 11. Nfg5 N7b6 12. Qf3 Ra7 13. 0-0 g6 14. Nc5 Bg7 15. h4 0-0 16. Bh3 c3 17. bxc3 Nxc3 18. Be3 Nbd5 19. Nge4 Nxe4 20. Qxe4 h6 21. f4 Ba6 22. Nxa6 Rxa6 23. h5 Qe8 24. hxg6 fxg6 25. Rfc1 Rb6 26. Bd2 Kh7 27. Rc5 Rf7 28. Rxa5 Bf8 29. Bf1 Rg7 30. Rc1 b3 31. Rb1 Bb4 32. Bxb4 Rxb4 33. Rc5 Ra7 34. a5 b2 35. a6 Rb3 36. Qe1 1/2-1/2

[Event "Donau op 04th"]
[Site "Aschach"]
[Date "1995.??.??"]
[Round "1"]
[White "Meisinger, Thomas"]
[Black "Weiss, Christian"]
[Result "0-1"]
[WhiteElo "1950"]
[BlackElo "2265"]
[PlyCount "86"]
[EventDate "1995.12.??"]
[EventType "swiss"]
[EventRounds "7"]
[EventCountry "AUT"]
[SourceTitle "EXT 1997"]
[Source "ChessBase"]
[SourceDate "1996.11.15"]
[SourceVersion "1"]
[SourceVersionDate "1996.11.15"]
[SourceQuality "1"]

1. Nf3 g6 2. g3 Bg7 3. Bg2 Nf6 4. 0-0 0-0 5. d3 c5 6. e4 Nc6 7. Nc3 b6 8. Be3 Bb7 9. Nh4 e5 10. f4 exf4 11. Bxf4 d5 12. exd5 Nb4 13. Be5 Nfxd5 14. Bxg7 Kxg7 15. Nxd5 Bxd5 16. Nf3 Qd6 17. c3 Nc6 18. Qd2 Rad8 19. Rfd1 Rfe8 20. Ng5 h6 21. Nh3 Ne5 22. Nf4 Bf3 23. Rf1 Bxg2 24. Qxg2 Nxd3 25. Nxd3 Qxd3 26. Rae1 Qc4 27. Qc6 Re6 28. Qc7 Rxe1 29. Rxe1 Rd2 30. Qe5+ Kh7 31. b3 Qd3 32. Rf1 Rd1 33. Qf6 Rxf1+ 34. Qxf1 Qxf1+ 35. Kxf1 Kg7 36. Kf2 Kf6 37. Kf3 Ke5 38. Ke3 f5 39. Kf3 b5 40. a3 g5 41. Ke3 f4+ 42. gxf4+ gxf4+ 43. Kf3 Kf5 0-1